| 000 | 00846nam a22002297a 4500 | ||
|---|---|---|---|
| 005 | 20230309040732.0 | ||
| 008 | 230309b |||||||| |||| 00| 0 eng d | ||
| 020 | _a978-621-04-0103-5 | ||
| 082 | _aFil. 371.2006 Sch372 2019 | ||
| 100 |
_aPawilen, Greg T. _eauthor |
||
| 245 |
_aThe school and the community, school culture and organizational leadership / _cGreg Tabios Pawilen, Ericson M. Reyes, John Amiel A. Rivera, Trixie Marie J. Sison |
||
| 250 | _a1st ed. | ||
| 260 |
_aManila: _bRex Book Store, _cc2019 |
||
| 300 | _avi, 99p. | ||
| 504 | _aIncludes bibliographical references and index | ||
| 541 | _e6781 c.1, 6782 c.2, 6783 c3 | ||
| 650 | _aSchools - Management | ||
| 650 | _aSchools - Administration | ||
| 700 |
_aReyes, Ericson M. _eauthor |
||
| 700 |
_aRivera, John Amiel A. _eauthor |
||
| 700 |
_aSison, Trixie Marie J. _eauthor |
||
| 999 |
_c1658 _d1658 |
||